000 00766nam a22002297a 4500
999 _c1306
_d1306
003 AR-CdUCM
008 190226b ||||| |||| 00| 0 spa d
040 _aMUNICIPALIDAD PROVINCIAL DEL CUSCO
_cBIBLIOTECA MUNICIPAL DEL CUSCO
082 _a942.1 /
_bT81
100 _aTristán, Flora
_95032
245 _aPaseos en Londres /
260 _aLima :
_bBiblioteca Nacional del Perú,
_c 1972
300 _a247 páginas;
_c21 cm.
500 _zLa Ciudad monstruo -- Acerca del clima -- El carácter de los londinenses -- Los extranjeros en Londres -- Los cartisitas...
650 _aMujer
_9143
650 _aBiografía
_922
650 _aLondres
_95033
650 _aViajes
_9856
650 _aInglaterra
_91396
942 _2ddc
_cLIBROS
945 _admma
_d2019-02-26